The Nilotes of the Anglo-Egyptian Sudan and Uganda. (Record no. 12447)

MARC details
000 -LEADER
fixed length control field 00593cam a22002052 4500
001 - CONTROL NUMBER
control field 0000000863
005 - DATE AND TIME OF LATEST TRANSACTION
control field 20151217155805.0
008 - FIXED-LENGTH DATA ELEMENTS--GENERAL INFORMATION
fixed length control field 070221s xx 000 0 eng d
040 ## - CATALOGING SOURCE
Original cataloging agency KABU
Transcribing agency KABU
050 #0 - LIBRARY OF CONGRESS CALL NUMBER
Classification number DT155.2
Item number .N55B87
100 1# - MAIN ENTRY--PERSONAL NAME
Personal name Butt, Audrey.
-- 0000149253
245 14 - TITLE STATEMENT
Title The Nilotes of the Anglo-Egyptian Sudan and Uganda.
260 ## - PUBLICATION, DISTRIBUTION, ETC. (IMPRINT)
Place of publication, distribution, etc. London :
Name of publisher, distributor, etc. IAI,
Date of publication, distribution, etc. [1953]
300 ## - PHYSICAL DESCRIPTION
Extent 198 p.
600 10 - SUBJECT ADDED ENTRY--PERSONAL NAME
Personal name Nilotic peoples.
-- 0000149254
600 10 - SUBJECT ADDED ENTRY--PERSONAL NAME
Personal name Luo (African people)
-- 0000148609
908 ## - PUT COMMAND PARAMETER (RLIN)
Put command parameter 070221
950 ## - LOCAL HOLDINGS (RLIN)
-- 1
Holdings
Withdrawn status Lost status Source of classification or shelving scheme Not for loan Home library Current library Date acquired Total Checkouts Full call number Barcode Date last seen Price effective from Koha item type
    Library of Congress Classification   Kabarak, Main Campus Kabarak, Main Campus 17/12/2015   DT155.2 .N55B87 006449 17/12/2015 17/12/2015 Africana Collection
Designed with assistance from East African Informatics Ltd